|
|
|
|
| LEADER |
00596nam a22001691a 4500 |
| 082 |
|
|
|a H 294.592 1
|b RAM/V
|
| 100 |
|
|
|a Ram Murthy Sharma
|9 167932
|
| 245 |
|
|
|a Vedanta me brahma ka swarup avum jeevan darshan/
|c by Ram Murthy Sharma
|
| 260 |
|
|
|a New Delhi:
|b Eastern,
|c 1997.
|
| 300 |
|
|
|a 70p.
|
| 650 |
|
|
|a Rigveda
|9 167933
|
| 650 |
|
|
|a Vedic Literature
|9 167934
|
| 650 |
|
|
|a Hinduism
|9 167935
|
| 650 |
|
|
|a Religion
|9 167936
|
| 942 |
|
|
|c BK
|
| 999 |
|
|
|c 49352
|d 49352
|
| 952 |
|
|
|0 0
|1 0
|4 0
|6 H_294_592100000000000_RAM_V
|7 0
|9 71682
|a SSUS
|b SSUS
|d 2015-01-08
|g 15.00
|o H294.5921 RAM/V
|p 037031
|r 2015-01-08
|v 0.00
|w 2015-01-08
|y BK
|